[Event "Reykjavik op"]
[Site "Reykjavik"]
[Date "1988.??.??"]
[Round "?"]
[White "Thorsteins, Karl"]
[Black "Bjarnason, Saevar"]
[Result "0-1"]
[WhiteElo "2440"]
[BlackElo "2335"]

1.e4 c5 2.Nf3 d6 3.d4 cxd4 4.Nxd4 Nf6 5.Nc3 a6 6.Be3 e6 7.g4 h6 8.Rg1 b5
9.a3 Bb7 10.Bd3 Nbd7 11.h4 h5 12.g5 Ng4 13.Qe2 Nxe3 14.Qxe3 g6 15.f4 Qb6
16.Rg3 Bg7 17.Nde2 Rc8 18.O-O-O Nc5 19.f5 Be5 20.fxg6 fxg6 21.Rf1 Rf8 22.Rxf8+ Kxf8
23.Rf3+ Kg8 24.Qf2 Nd7 25.Qf1 Rf8 26.Kd2 Rxf3 27.Qxf3 Qc7 28.Qf2 Nc5 29.b4 Nd7
30.a4 bxa4 31.Nxa4 Bc6 32.Nac3 Qb7 33.Bc4 Nf8  0-1

[Event "SWZ-HUN"]
[Site "?"]
[Date "1988.??.??"]
[Round "?"]
[White "Anka, Emil"]
[Black "Aschwanden, Franz Beat"]
[Result "1-0"]
[WhiteElo "2300"]
[BlackElo "2205"]

1.e4 c5 2.Nf3 d6 3.d4 cxd4 4.Nxd4 Nf6 5.Nc3 a6 6.Be3 e6 7.g4 Nc6 8.g5 Nd7
9.h4 Be7 10.f4 O-O 11.Qf3 Nxd4 12.Bxd4 b5 13.O-O-O b4 14.Ne2 Bb7 15.Ng3 Rc8
16.Kb1 e5 17.Be3 exf4 18.Bxf4 Qc7 19.Qe2 f5 20.Bh3 g6 21.Rhf1 fxe4 22.Nxe4 Kg7
23.Nxd6  1-0

[Event "Tel Aviv"]
[Site "Tel Aviv"]
[Date "1988.??.??"]
[Round "?"]
[White "Gallagher, Joseph G"]
[Black "Enoshi, Arik"]
[Result "1-0"]
[WhiteElo "2480"]
[BlackElo "2255"]

1.e4 c5 2.Nf3 d6 3.d4 cxd4 4.Nxd4 Nf6 5.Nc3 a6 6.Be3 e6 7.Qd2 Qc7 8.f3 Nbd7
9.g4 h6 10.O-O-O b5 11.Bd3 Nb6 12.Rhe1 Be7 13.Kb1 Nfd7 14.f4 Bb7 15.Qf2 b4
16.Nce2 Nc5 17.Ng3 Nba4 18.Nb3 Rc8 19.Bc1 Nxb3 20.axb3 Nc5 21.f5 Bh4 22.Qe2 e5
23.Rg1 O-O 24.g5 Nxd3 25.Rxd3 g6 26.gxh6 Kh7 27.fxg6+ fxg6 28.Nf5 Be7 29.Qg2 Rg8
30.Nxe7 Qxe7 31.Rg3 Qe6 32.h4 Bc6 33.Rg5 Rcd8 34.Qe2 Bb5 35.Qe3 Rdf8 36.h5 Be8
37.Qa7+ Kh8 38.Qxa6 Bf7 39.hxg6 Rxg6 40.Rxg6 Bxg6 41.Qb7 Rf7 42.Qxb4 d5 43.Qa5  1-0

[Event "Tilburg"]
[Site "Tilburg"]
[Date "1988.??.??"]
[Round "?"]
[White "Huebner, Robert"]
[Black "Hjartarson, Johann"]
[Result "1/2-1/2"]
[WhiteElo "2600"]
[BlackElo "2610"]

1.e4 c5 2.Nf3 d6 3.d4 cxd4 4.Nxd4 Nf6 5.Nc3 a6 6.Be3 e5 7.Nf3 Qc7 8.Bg5 Nbd7
9.a4 h6 10.Bh4 b6 11.Nd2 Bb7 12.Bc4 Be7 13.O-O O-O 14.Qe2 g5 15.Bg3 Nc5 16.f3 Ne6
17.Bxe6 fxe6 18.Qc4 Qxc4 19.Nxc4 Rab8 20.Rfd1 Rfd8 21.Rd2 Bc6 22.Rad1  1/2-1/2

[Event "Tirnavia-C"]
[Site "Trnava"]
[Date "1988.??.??"]
[Round "11"]
[White "Lanka, Zigurds"]
[Black "Raicevic, Momcilo"]
[Result "1-0"]
[WhiteElo "2390"]
[BlackElo "2365"]

1.e4 c5 2.Nf3 d6 3.d4 cxd4 4.Nxd4 Nf6 5.Nc3 a6 6.Be3 e5 7.Nb3 Be7 8.f3 Be6
9.Qd2 Qc7 10.g4 O-O 11.h4 b5 12.O-O-O Nbd7 13.h5 b4 14.Nd5 Bxd5 15.exd5 Nb6
16.Bxb6 Qxb6 17.g5 Ne8 18.Kb1 f6 19.g6 h6 20.Bh3 a5 21.Rhe1 Nc7 22.Nd4 f5
23.Nxf5 Bg5 24.Qd3 Nb5 25.Ka1 Rac8 26.f4 exf4 27.Ne7+ Bxe7 28.Rxe7 Rc7 29.Be6+ Kh8
30.Bd7 Rb7 31.Rde1 Nc7 32.Qe4 Qf2 33.Rxg7  1-0

[Event "Candidats (Women)"]
[Site "Tskhaltubo"]
[Date "1988.??.??"]
[Round "?"]
[White "Levitina, Irina S"]
[Black "Alexandria, Nana"]
[Result "1-0"]
[WhiteElo "2355"]
[BlackElo "2415"]

1.e4 c5 2.Nf3 d6 3.d4 cxd4 4.Nxd4 Nf6 5.Nc3 a6 6.Be3 e6 7.Qd2 b5 8.f3 Nbd7
9.O-O-O Bb7 10.g4 h6 11.Bd3 Ne5 12.Rhe1 Be7 13.Kb1 Nfd7 14.f4 Nxg4 15.Bg1 O-O
16.Qg2 Ngf6 17.Be3 Kh8 18.Rg1 Rg8 19.Qh3 Bf8 20.Nf3 Qe8 21.Rdf1 Rc8 22.e5 Nd5
23.Nxd5 Bxd5 24.Bd4 dxe5 25.fxe5 Bxf3 26.Qxf3 Bc5 27.Qe4 g6 28.h4 Bxd4 29.Qxd4 h5
30.Rg5 Rg7 31.Rfg1 Nc5 32.Be2 Rh7 33.Qf4 Nd7 34.Rxh5 gxh5 35.Bd3 Nf8 36.Qf6+  1-0

[Event "URS-ch otbor56"]
[Site "Uzhgorod"]
[Date "1988.??.??"]
[Round "?"]
[White "Efimov, Igor"]
[Black "Loginov, Valery A"]
[Result "1-0"]
[WhiteElo "2405"]
[BlackElo "2455"]

1.e4 c5 2.Nf3 d6 3.d4 cxd4 4.Nxd4 Nf6 5.Nc3 a6 6.Be3 e5 7.Nf3 Qc7 8.a4 Be7
9.a5 O-O 10.Be2 Nbd7 11.O-O b5 12.axb6 Nxb6 13.Nd2 Bb7 14.Bxb6 Qxb6 15.Nc4 Qc7
16.Bd3 Rfb8 17.Ne3 Bd8 18.Qd2 g6 19.Kh1 Qc5 20.f4 exf4 21.Rxf4 Nh5 22.Rf3 Bg5
23.Raf1 Bc6 24.b3 Nf6 25.Qe1 Bxe3 26.Rxe3 Ng4 27.Rh3 Ne5 28.Qh4 h5 29.Be2 Bd7
30.Rg3 Bg4 31.Bxg4 Nxg4 32.Nd5 Ne5 33.Qxh5 Kg7 34.Qg5 Rg8 35.Rh3 Kf8 36.Qe7+ Kg7
37.Qf6+ Kf8 38.Rh7  1-0

[Event "Zalakaros op"]
[Site "Zalakaros"]
[Date "1988.??.??"]
[Round "6"]
[White "Perenyi, Bela"]
[Black "Berebora, Ferenc"]
[Result "1-0"]
[WhiteElo "2370"]
[BlackElo "2235"]

1.e4 c5 2.Nf3 d6 3.d4 cxd4 4.Nxd4 Nf6 5.Nc3 a6 6.Be3 e5 7.Nb3 Be6 8.Qd2 Nbd7
9.f3 b5 10.a4 b4 11.Nd5 Bxd5 12.exd5 Nb6 13.Bxb6 Qxb6 14.O-O-O g6 15.g4 h5
16.g5 Nd7 17.Kb1 Bg7 18.a5 Qb7 19.Bh3 O-O 20.Bxd7 Qxd7 21.Rhe1 Rab8 22.Qd3 Qb5
23.Re4 Rfc8 24.Qxb5 Rxb5 25.Rd3 f5 26.gxf6 Bxf6 27.Nd2 Rcc5 28.Rc4 Be7 29.Rxc5 Rxc5
30.Ne4 Rxa5 31.c4 bxc3 32.bxc3 Ra4 33.Kb2 Kg7 34.Rd1 g5 35.Rg1 Kh6 36.Kb3 Rxe4
37.fxe4 g4 38.Kc2 Kg5 39.Kd3 Bd8 40.Rb1 h4 41.Ke3 Ba5 42.Kd3 g3 43.h3 Kf4
44.Rf1+ Kg5 45.Rf8 Bb6 46.Ke2 a5 47.Kf3 Bc5 48.Ra8 Bb6 49.Ra6 Bc5 50.Rxa5 Bb6
51.Ra8 Bc5 52.c4 Bd4 53.Re8 Bc5 54.Rg8+ Kh5 55.Rg4 Bd4 56.Ke2 Bc5 57.Kd3 Bb6
58.Kc3 Bc5 59.Kb3  1-0

[Event "Albacete"]
[Site "Albacete"]
[Date "1989.??.??"]
[Round "11"]
[White "De la Villa Garcia, Jesus Maria"]
[Black "Fernandez Aguado, Enrique"]
[Result "1/2-1/2"]
[WhiteElo "2430"]
[BlackElo "2380"]

1.e4 c5 2.Nc3 d6 3.Nf3 Nf6 4.d4 cxd4 5.Nxd4 a6 6.Be3 e5 7.Nb3 Be6 8.Be2 Be7
9.f4 exf4 10.Bxf4 Nc6 11.Qd2  1/2-1/2

[Event "Akropolis op"]
[Site "Athens"]
[Date "1989.??.??"]
[Round "?"]
[White "Kotronias, Vasilios"]
[Black "Gazis, Efstathios"]
[Result "1-0"]
[WhiteElo "2505"]
[BlackElo "2270"]

1.e4 c5 2.Nf3 d6 3.d4 cxd4 4.Nxd4 Nf6 5.Nc3 a6 6.Be3 Qc7 7.Be2 e5 8.Nb3 Be7
9.g4 h6 10.h4 b5 11.Bf3 b4 12.Na4 Nfd7 13.c3 a5 14.Rc1 Nc6 15.Qd2 Bb7 16.Kf1 Qb8
17.c4 Nd8 18.c5 Bc6 19.cxd6 Bxd6 20.Nac5 Nb6 21.Kg2 Nc8 22.g5 h5 23.g6 Ra7
24.gxf7+ Kxf7 25.Nd3 Ra8 26.Bg5 Ne7 27.Nbc5 Be8 28.Bd1 Kg8 29.Rh3 Ng6 30.Rg3 Ra7
31.Bb3+ Kh7 32.Qe2 Nf8 33.Bxd8 Qxd8 34.Rg5 g6 35.Nxe5 Be7 36.Nf3 Rc7 37.Rd5 Qc8
38.Ng5+ Bxg5 39.Rxg5 a4 40.Bd5 Kg7 41.Qe3 Kh7 42.Qd4 Bf7 43.Qf6 Bxd5 44.exd5 Kg8
45.Ne6 Nxe6 46.Rxg6+ Ng7 47.Qxg7+ Rxg7 48.Rxc8+ Kh7 49.Rxg7+  1-0

[Event "AUT-chT"]
[Site "?"]
[Date "1989.??.??"]
[Round "?"]
[White "Druckenthaner, Andreas"]
[Black "Denk, Adolf"]
[Result "1-0"]
[WhiteElo "2290"]
[BlackElo "2255"]

1.e4 c5 2.Nf3 d6 3.d4 cxd4 4.Nxd4 Nf6 5.Nc3 a6 6.Be3 e5 7.Nf3 Be7 8.Bc4 O-O
9.O-O h6 10.Nh4 Kh8 11.Nf5 Bxf5 12.exf5 Nc6 13.Nd5 Nxd5 14.Bxd5 Bg5 15.f4 exf4
16.Bxf4 Bxf4 17.Rxf4 Qf6 18.c3 Rae8 19.Qd3 Ne5 20.Qd4 Re7 21.Rd1 Rc7 22.Qb6 Qe7
23.f6 gxf6 24.Rxf6 Qxf6 25.Qxc7 Rg8 26.Qxb7 Qf4 27.Qb6 Rg6 28.Qd4 Qg5 29.b4 h5
30.a4 Qf6 31.Rf1 Qg7 32.b5 axb5 33.axb5 Rg4 34.Qf2 h4 35.Qf6 Qxf6 36.Rxf6  1-0

[Event "AUT-chT"]
[Site "?"]
[Date "1989.??.??"]
[Round "?"]
[White "Herndl, Harald"]
[Black "Cigan, Stefan"]
[Result "0-1"]
[WhiteElo "2280"]
[BlackElo "2360"]

1.e4 c5 2.Nf3 d6 3.d4 cxd4 4.Nxd4 Nf6 5.Nc3 a6 6.Be3 Nc6 7.Be2 e5 8.Nb3 Be7
9.Nd5 Nxd5 10.exd5 Nb8 11.Qd2 O-O 12.O-O g5 13.c4 Nd7 14.Qc2 f5 15.f3 b6
16.Bd3 Nc5 17.Nxc5 bxc5 18.g4 e4 19.fxe4 f4 20.Bd2 Bxg4 21.e5 dxe5 22.Bxh7+ Kh8
23.Bc3 Bd6 24.Rae1 Qf6 25.Be4 Bd7 26.Qe2 g4 27.Rf2 Rae8 28.Ref1 Qg5 29.Qd2 Kg8
30.Rg2 Re7 31.b4 Rg7 32.Kh1 cxb4 33.Bxb4 Bxb4 34.Qxb4 f3 35.Rg3 Qf4 36.Qe1 Bf5
37.Bxf5 Rxf5 38.Qb4 e4 39.d6 e3 40.Qb8+ Rf8 41.Qb4 f2  0-1

[Event "FRG-ch"]
[Site "Bad Neuenahr"]
[Date "1989.??.??"]
[Round "?"]
[White "Mainka, Romuald"]
[Black "Schlosser, Philipp"]
[Result "1-0"]
[WhiteElo "2410"]
[BlackElo "2420"]

1.e4 c5 2.Nf3 d6 3.d4 cxd4 4.Nxd4 Nf6 5.Nc3 a6 6.Be3 e6 7.Qd2 b5 8.f3 Nbd7
9.g4 h6 10.O-O-O Bb7 11.h4 b4 12.Nce2 d5 13.exd5 Nxd5 14.Nf4 Qa5 15.Kb1 Nxe3
16.Qxe3 O-O-O 17.Nb3 Qe5 18.Qd2 Be7 19.Nd3 Qc7 20.Be2 Ne5 21.Qe3 Rd5 22.Rc1 Rhd8
23.Nf4 Rc5 24.c3 Rc6 25.cxb4 Bxb4 26.Rxc6 Nxc6 27.Rc1 Be7 28.Nd3 Bxh4 29.Ne5 Rd5
30.Nxc6 Bxc6 31.Bxa6+ Kd7 32.Nc5+ Ke7 33.Ne4 Ra5 34.Bd3 Qb7 35.Qd4 Bd5 36.a3 Bf6
37.Nxf6 gxf6 38.Be4 Bxe4+ 39.fxe4 Re5 40.Rc4 h5 41.Ra4 Kf8 42.Rb4 Qa8 43.gxh5 Kg7
44.Qd7 Rxe4 45.Rb7 Qg8 46.Qd3 Re5 47.Qg6+ Kh8 48.Qh6+  1-0

[Event "Bayamo"]
[Site "Bayamo"]
[Date "1989.??.??"]
[Round "3"]
[White "Martin del Campo, Roberto"]
[Black "Verduga, Denis Homero"]
[Result "1-0"]
[WhiteElo "2455"]
[BlackElo "2415"]

1.e4 c5 2.Nf3 d6 3.d4 cxd4 4.Nxd4 Nf6 5.Nc3 a6 6.Be3 e5 7.Nf3 Qc7 8.a4 Be7
9.a5 Be6 10.Ng5 Bc4 11.Bxc4 Qxc4 12.Ra4 Qc8 13.O-O h6 14.Nf3 Nbd7 15.Qe2 O-O
16.Nh4 Re8 17.Nf5 Bf8 18.Qf3 Re6 19.Rd1 Qc7 20.Rd2 Kh7 21.Nd5 Nxd5 22.exd5 Rf6
23.Qh3 Re8 24.Ng3 Kg8 25.Ne4 Rg6 26.Qf5 Nf6 27.Bb6 Qe7 28.Rc4 Nxe4 29.Qxe4 Qf6
30.Be3 Qd8 31.Bb6 Qf6 32.b4 Be7 33.Be3 Bd8 34.h4 h5 35.Bg5 Rxg5 36.hxg5 Qxg5
37.Qd3 f5 38.Rc8 Qg6 39.Re2 Kh7 40.Qh3 Kh6 41.Kf1 Qf7 42.Qb3 g5 43.c4 f4
44.c5 Qd7 45.Ra8 e4 46.c6 bxc6 47.dxc6 Qxc6 48.Rxd8 Rxd8 49.Qe6+  1-0

[Event "Bayamo"]
[Site "Bayamo"]
[Date "1989.??.??"]
[Round "4"]
[White "Martin del Campo, Roberto"]
[Black "Vera, Reynaldo"]
[Result "0-1"]
[WhiteElo "2455"]
[BlackElo "2470"]

1.e4 c5 2.Nf3 d6 3.d4 cxd4 4.Nxd4 Nf6 5.Nc3 a6 6.Be3 e6 7.f4 b5 8.Qf3 Bb7
9.Bd3 Nbd7 10.g4 b4 11.Nce2 e5 12.Nb3 exf4 13.Bxf4 h5 14.gxh5 Nxh5 15.O-O-O Nxf4
16.Nxf4 Ne5 17.Qg3 Qh4 18.Na5 Nxd3+ 19.cxd3 Rc8+ 20.Kb1 Qxg3 21.hxg3 Rxh1
22.Rxh1 Ba8 23.Rc1 Rxc1+ 24.Kxc1 d5 25.e5 Bc5 26.Ne2 Be3+ 27.Kc2 Ke7 28.d4 f6
29.Kd3 Bf2 30.g4 fxe5 31.dxe5 Ke6 32.Nd4+ Kxe5 33.Nac6+ Bxc6 34.Nxc6+ Kf4
35.Nxb4 Kxg4 36.Nxa6 Kf3 37.Nb4 g5 38.Nxd5 g4 39.Nf6 g3 40.Nd7 g2 41.Ne5+ Kg3  0-1

[Event "GMA-qual"]
[Site "Belgorod"]
[Date "1989.??.??"]
[Round "?"]
[White "Moroz, Alexander"]
[Black "Yuferov, Sergey  N"]
[Result "1/2-1/2"]
[WhiteElo "2345"]
[BlackElo "2455"]

1.e4 c5 2.Nf3 d6 3.d4 cxd4 4.Nxd4 Nf6 5.Nc3 a6 6.Be3 e5 7.Nf3 Be7 8.Bc4 O-O
9.Bg5 Be6 10.Bb3 Nc6 11.O-O Nd7 12.Bxe7 Qxe7 13.Nd5 Qd8 14.c3 Nc5 15.Bc2 a5
16.Qd2 Ne7 17.Ne3 a4 18.Rfd1 f6 19.Qxd6 Qxd6 20.Rxd6 Rfd8 21.Rxd8+ Rxd8 22.Kf1 Rd6
23.Ke1 Rb6 24.Nd1 Nc6 25.Nd2 Na5 26.b4 axb3 27.axb3 Nc6 28.b4 Nd7 29.Ne3 Ne7
30.Ra8+ Kf7 31.Ndc4 Rc6 32.Ba4 Rc7 33.Bb3 Kg6 34.Re8 Bxc4 35.Bxc4 Nc8 36.Be6 Ndb6
37.Nd5 Nxd5 38.exd5 Nd6 39.Rd8 Nf7 40.Rf8 Ng5 41.d6 Rc6 42.Bd5 Rxd6 43.Bxb7 Kf5
44.Ke2 h5 45.b5 Ne4 46.Bxe4+ Kxe4 47.Rc8 Rd7 48.b6 Rb7 49.f3+ Kd5 50.c4+ Ke6
51.c5 Kd7 52.Ra8 Kc6 53.Ra5 Rd7 54.Ke3 Rd8 55.f4 exf4+ 56.Kxf4 Rd5 57.Ke4 g5
58.h3 f5+ 59.Ke3 h4 60.Kf3 Rd3+ 61.Ke2 Rd8 62.Ke3 Rd5 63.Ke2 Rd8 64.Ra7 Kxc5
65.Ra5+ Kxb6 66.Rxf5 Kc6 67.Rxg5 Rh8 68.Re5 Kd6 69.Re4 Kd5 70.Ke3 Rg8 71.Rg4 Rh8
72.Kf4 Ke6 73.Kg5 Kf7 74.Rf4+ Ke7 75.Re4+ Kf8 76.Ra4 Kf7 77.Ra7+ Ke6 78.Ra2 Ke7
79.Kf5 Rg8 80.Rb2 Rg3 81.Rb7+ Ke8 82.Rb8+  1/2-1/2

[Event "Benidorm op"]
[Site "Benidorm"]
[Date "1989.??.??"]
[Round "?"]
[White "Diaz, Joaquin C"]
[Black "Lendwai, Reinhard"]
[Result "1-0"]
[WhiteElo "2430"]
[BlackElo "2340"]

1.e4 c5 2.Nf3 d6 3.d4 cxd4 4.Nxd4 Nf6 5.Nc3 a6 6.Be3 e5 7.Nf3 h6 8.Bc4 Be7
9.Nh4 Nc6 10.Nf5 Bxf5 11.exf5 Qc8 12.Qf3 Nd4 13.Bxd4 Qxc4 14.Qxb7 O-O 15.Ba7 Rfe8
16.O-O-O d5 17.Rhe1 d4 18.Rxe5 dxc3 19.Rxe7 Red8 20.Rd3 Qxa2 21.bxc3 Qa1+
22.Kd2 Rxd3+ 23.cxd3 Qa2+ 24.Kc1 Rd8 25.Bd4 Rxd4 26.cxd4 Qa1+ 27.Kc2 Qxd4
28.Rxf7 Qa4+ 29.Kb2 Qd4+ 30.Kc2 Qa4+ 31.Kc3 Qa3+ 32.Kd4 Qa4+ 33.Ke5 Ng4+
34.Kd6 Qd4+ 35.Ke7 Ne5 36.Rxg7+ Kh8 37.Ke6  1-0

[Event "Benidorm op"]
[Site "Benidorm"]
[Date "1989.??.??"]
[Round "?"]
[White "Carlier, Bruno"]
[Black "Fernandez Aguado, Juan Luis"]
[Result "1-0"]
[WhiteElo "2415"]
[BlackElo "2330"]

1.e4 c5 2.Nf3 d6 3.d4 cxd4 4.Nxd4 Nf6 5.Nc3 a6 6.Be3 e5 7.Nf3 Be7 8.Bc4 O-O
9.Qe2 Nc6 10.Rd1 Bg4 11.Nd5 Nxd5 12.Bxd5 Rc8 13.c3 Qe8 14.a4 Kh8 15.h3 Bd7
16.O-O f5 17.exf5 Bxf5 18.Ng5 Qg6 19.h4 h6 20.h5 Qf6 21.Ne4 Qh4 22.f3 Qxh5
23.Ng3 Qh4 24.Nxf5 Rxf5 25.Bf2 Qxa4 26.Be6 Rcf8 27.Bxf5 Rxf5 28.Qd3 Rf8 29.b4 Qb3
30.Rb1 Qe6 31.b5 axb5 32.Rxb5 Nd8 33.Ra1 Qf5 34.Qxf5 Rxf5 35.Ra7 Rf7 36.Bb6 Bg5
37.Ra8 Rd7 38.Bxd8 Bxd8 39.Ra7 Kg8 40.Rbxb7 Rxb7 41.Rxb7 Kf8 42.c4 Be7 43.Kf2 Kf7
44.Ke3 Ke6 45.Ke4 g6 46.Ra7 h5 47.Ra6 Kf7 48.Kd5 g5 49.Rxd6  1-0

[Event "Bern op"]
[Site "Bern"]
[Date "1989.??.??"]
[Round "?"]
[White "Domont, Alexandre"]
[Black "Gallagher, Joseph G"]
[Result "0-1"]
[WhiteElo "2310"]
[BlackElo "2405"]

1.e4 c5 2.Nf3 d6 3.d4 cxd4 4.Nxd4 Nf6 5.Nc3 a6 6.Be3 e6 7.Qd2 Nc6 8.f3 Be7
9.g4 O-O 10.g5 Nd7 11.Rg1 Nde5 12.Rg3 Nxd4 13.Bxd4 Bxg5 14.f4 Bh6 15.Be3 Ng6
16.O-O-O Qf6 17.Rf3 b5 18.Qxd6 Bb7 19.Qc7 Rab8 20.Bd3 Rfc8 21.Qd6 Rd8 22.Qc7 e5
23.Ne2 Rdc8 24.Qa5 exf4 25.Kb1 Qd6 26.Bc1 Bxe4 27.Rff1 Qe5 28.Bxe4 Qxe4 29.Nd4 Bg5
30.Qxa6 Bf6 31.Rfe1 Qg2 32.Rd2 Qg4 33.Nb3 Qf5 34.Red1 h6 35.Qa7 Ne5 36.Qf2 Nc4
37.Qe2 Ne3 38.Nd4 Bxd4 39.Rxd4 Nxc2 40.Re4 Ne3 41.Qd3 Rd8 42.Qxd8+ Rxd8 43.Rxd8+ Kh7
44.Rd4 Ng2 45.Bxf4 Nxf4 46.Kc1 Ne2+  0-1

[Event "Bern op"]
[Site "Bern"]
[Date "1989.??.??"]
[Round "?"]
[White "Domont, Alexandre"]
[Black "Gavrikov, Viktor"]
[Result "0-1"]
[WhiteElo "2310"]
[BlackElo "2535"]

1.e4 c5 2.Nf3 d6 3.d4 cxd4 4.Nxd4 Nf6 5.Nc3 a6 6.Be3 e6 7.Qd2 b5 8.f3 Nbd7
9.g4 h6 10.O-O-O Bb7 11.Bd3 Qa5 12.Nb3 Qc7 13.Qf2 Rb8 14.Rhe1 b4 15.Ne2 Rc8
16.c4 Ne5 17.Kb1 Nxd3 18.Rxd3 Qxc4 19.Rd2 Be7 20.Rc1 Qb5 21.Rxc8+ Bxc8 22.Ned4 Qd7
23.Rc2 Bb7 24.Na5 Nxe4 25.fxe4 Bxe4 26.Ka1 Bxc2 27.Qxc2 Bf6 28.Qc6 Qxc6 29.Ndxc6 g5
30.Nxb4 h5 31.gxh5 Rxh5 32.Bg1 Rh4 33.Nd3 Bd4 34.Bxd4 Rxd4 35.Nc1 Rh4 36.Kb1 Rxh2
37.Nc4 Kd7 38.Nd3 f5 39.Ne3 Rh3  0-1

[Event "Biel op"]
[Site "Biel"]
[Date "1989.??.??"]
[Round "1"]
[White "Dolgener, Tobias"]
[Black "Ermenkov, Evgenij"]
[Result "0-1"]
[WhiteElo "2260"]
[BlackElo "2500"]

1.e4 c5 2.Nf3 d6 3.d4 Nf6 4.Nc3 cxd4 5.Nxd4 a6 6.Be3 e6 7.Qd2 b5 8.f3 Bb7
9.g4 h6 10.O-O-O Nbd7 11.Bd3 Ne5 12.Rhe1 Qc7 13.Kb1 b4 14.Nce2 Be7 15.h4 d5
16.g5 hxg5 17.hxg5 Nxe4 18.Bxe4 dxe4 19.Bf4 O-O-O 20.fxe4 Nc4 21.Qc1 e5 22.Bg3 Bxe4
23.Ng1 Bg6 24.Ngf3 Bd6 25.Nb3 Rh3 26.Rg1 Rxg3 27.Rxg3 e4 28.Rh3 exf3 29.Rd4 Be5
30.Rxd8+ Qxd8 31.Rxf3 Bxb2 32.Qf1 Qd5 33.Rf4 Bxc2+ 34.Kxc2 Ne3+ 35.Kxb2 Nxf1
36.Rxf1 Qg2+  0-1

[Event "CZE-ch U16"]
[Site "Brno"]
[Date "1989.??.??"]
[Round "11"]
[White "Horak, Michal"]
[Black "Belaska, Premysl"]
[Result "1-0"]
[WhiteElo "2289"]
[BlackElo "1974"]

1.e4 c5 2.Nf3 d6 3.d4 cxd4 4.Nxd4 Nf6 5.Nc3 a6 6.Be3 e6 7.f3 Be7 8.Qd2 b5
9.g4 Bb7 10.O-O-O O-O 11.h4 Nc6 12.Nxc6 Bxc6 13.g5 Nd7 14.Ne2 d5 15.Nd4 Bb7
16.Bh3 Ne5 17.Qe1 Nc4 18.f4 Nxe3 19.Qxe3 Qa5 20.Kb1 dxe4 21.Nxe6 Rfe8 22.h5 Bd8
23.Rd7 Bc6 24.Qd4 Bf6 25.gxf6 Bxd7 26.Nxg7 Bxh3 27.Qg1 Qd2 28.Rxh3  1-0

[Event "Noviki-A"]
[Site "Budapest"]
[Date "1989.??.??"]
[Round "?"]
[White "Tolnai, Tibor"]
[Black "Gavrikov, Viktor"]
[Result "1/2-1/2"]
[WhiteElo "2480"]
[BlackElo "2535"]

1.e4 c5 2.Nf3 d6 3.d4 cxd4 4.Nxd4 Nf6 5.Nc3 a6 6.Be3 e6 7.g4 e5 8.Nf5 g6
9.Bg2 gxf5 10.exf5 h6 11.Qe2 Rg8 12.h3 Qc7 13.O-O-O Bd7 14.f4 Bc6 15.fxe5 dxe5
16.Bb6 Qxb6 17.Qxe5+ Be7 18.Rhe1 Be4 19.Nxe4 Kf8 20.Nd6 Qc7 21.Nxf7 Qxe5
22.Nxe5 Kg7 23.Bxb7 Ra7 24.Bf3 Nh7 25.Kb1 Bf6 26.Nd3 Bh4 27.Rf1 Rd8 28.Nf4 Rxd1+
29.Rxd1 Rd7 30.Rxd7+ Nxd7 31.Be2 a5 32.c3 Nhf6 33.Kc2 Bg3 34.Ne6+ Kf7 35.b4 axb4
36.cxb4 Be1 37.a3 Ke7 38.Kb3 Kd6 39.Nd4 Ne5 40.Nf3 Nxf3 41.Bxf3 Nd7 42.a4 Ne5
43.Be4 Nf7 44.a5 Ke5 45.Bd3 Nd6 46.Bc4 Kf6 47.Be6 Kg5 48.Ka4 Bf2  1/2-1/2

[Event "Spring op"]
[Site "Budapest"]
[Date "1989.??.??"]
[Round "?"]
[White "Madl, Ildiko"]
[Black "Schlosser, Philipp"]
[Result "0-1"]
[WhiteElo "2270"]
[BlackElo "2420"]

1.e4 c5 2.Nf3 d6 3.d4 cxd4 4.Nxd4 Nf6 5.Nc3 a6 6.Be3 e6 7.g4 h6 8.Bg2 Nc6
9.h3 Be7 10.Qe2 Nxd4 11.Bxd4 e5 12.Be3 Be6 13.O-O-O Rc8 14.Nd5 Bxd5 15.exd5 Nd7
16.Kb1 g6 17.f4 Kf8 18.h4 Bxh4 19.g5 Bg3 20.fxe5 Bxe5 21.gxh6 Qe7 22.Qd2 Kg8
23.Bh3 Kh7 24.Bg5 f6 25.Be3 f5 26.Rdg1 Rcg8 27.Rg5 Bf6 28.Rg3 Qe5  0-1

[Event "Buenos Aires BCA op"]
[Site "Buenos Aires"]
[Date "1989.??.??"]
[Round "3"]
[White "Ricardi, Pablo"]
[Black "Llanos, Guillermo"]
[Result "1-0"]
[WhiteElo "2370"]
[BlackElo "2235"]

1.e4 c5 2.Nf3 d6 3.d4 cxd4 4.Nxd4 Nf6 5.Nc3 a6 6.Be3 e6 7.Qd2 Be7 8.f3 O-O
9.g4 Nc6 10.O-O-O Nd7 11.h4 Nxd4 12.Qxd4 b5 13.Kb1 Qc7 14.h5 Qc5 15.Qd2 Qc7
16.h6 g6 17.Qd4 Nf6 18.Bg5 e5 19.Qd2 b4 20.Na4 Bd7 21.Bxf6 Bxa4 22.Bxe7 Qxe7
23.Qxb4 Bc6 24.Bc4 Rfd8 25.Rd3 a5 26.Qb6 Be8 27.Rhd1 Rac8 28.b3 d5 29.Rxd5 Rxd5
30.exd5 a4 31.d6 Qd7 32.Qa5 Rxc4 33.bxc4 f6 34.Qc7 Kf7 35.c5 Ke6 36.c6 Qxc6
37.Qe7+  1-0

[Event "Midwest Masters op"]
[Site "Chicago"]
[Date "1989.??.??"]
[Round "6"]
[White "Gufeld, Eduard"]
[Black "Pelts, Peter"]
[Result "1/2-1/2"]
[WhiteElo "2490"]
[BlackElo "2295"]

1.Nf3 c5 2.e4 d6 3.d4 cxd4 4.Nxd4 Nf6 5.Nc3 a6 6.Be3 e6 7.Be2 Be7 8.g4 Nc6
9.g5 Nd7 10.h4 O-O 11.Rg1 Nc5 12.h5 g6 13.Qd2 Nxd4 14.Qxd4 b5 15.O-O-O Qa5
16.h6 e5 17.Qd2 Be6 18.Nd5 Qxd2+ 19.Rxd2 Bxd5 20.exd5 Ne4 21.Rd3 Rfc8 22.f3 Nc5
23.Rdd1 Rab8 24.f4 exf4 25.Bxf4 b4 26.Bg4 Rc7 27.Rge1 Bf8 28.Re3 a5 29.Rde1 b3
30.axb3 Rb4 31.Rf1 Nxb3+ 32.Kd1 Rd4+ 33.Rd3 Rcc4 34.Rxd4 Rxd4+ 35.Ke2 Nc5
36.Ke3 Rxd5 37.Bf3 Rf5 38.Bg4 Rd5 39.Bf3 Rf5 40.Bg4  1/2-1/2

[Event "Copenhagen Obro op"]
[Site "Copenhagen"]
[Date "1989.??.??"]
[Round "2"]
[White "Kruszynski, Wlodzimierz"]
[Black "Brondum, Eric"]
[Result "1-0"]
[WhiteElo "2345"]
[BlackElo "2260"]

1.e4 c5 2.Nf3 d6 3.d4 cxd4 4.Nxd4 Nf6 5.Nc3 a6 6.Be3 e5 7.Nb3 Be7 8.Be2 Be6
9.Nd5 Nbd7 10.f3 Nxd5 11.exd5 Bf5 12.Qd2 O-O 13.Na5 Qc7 14.c4 Bg6 15.b4 Rfe8
16.O-O f5 17.Rac1 Bf8 18.c5 dxc5 19.d6 Bxd6 20.Rfd1 Nf6 21.Qxd6 Qxd6 22.Rxd6 cxb4
23.Bg5 Rac8 24.Rxc8 Rxc8 25.Bxf6 gxf6 26.Rb6 Rc2 27.Kf1 Bf7 28.Rxb4 Rxa2
29.Nxb7 a5 30.Rb6 a4 31.Nd6 a3 32.Rb8+ Kg7 33.Rb7 Rb2 34.Rxf7+ Kg6 35.Ra7 a2
36.Kf2  1-0

[Event "Copenhagen Obro op"]
[Site "Copenhagen"]
[Date "1989.??.??"]
[Round "6"]
[White "Poulsen, Allan"]
[Black "Bjertrup, Michael"]
[Result "1-0"]
[WhiteElo "2310"]
[BlackElo "2350"]

1.e4 c5 2.Nf3 d6 3.d4 cxd4 4.Nxd4 Nf6 5.Nc3 a6 6.Be3 e6 7.a4 b6 8.a5 Nfd7
9.axb6 Nxb6 10.Bd3 Bb7 11.Qh5 g6 12.Qh3 N8d7 13.O-O Bg7 14.f4 e5 15.fxe5 dxe5
16.Rxf7 Kxf7 17.Qe6+ Kf8 18.Rf1+ Nf6 19.Nc6  1-0

[Event "CUB-ch"]
[Site "?"]
[Date "1989.??.??"]
[Round "1"]
[White "Lugo, Blas"]
[Black "Vera, Reynaldo"]
[Result "1/2-1/2"]
[WhiteElo "2340"]
[BlackElo "2470"]

1.e4 c5 2.Nf3 d6 3.d4 cxd4 4.Nxd4 Nf6 5.Nc3 a6 6.Be3 e6 7.f4 b5 8.Qf3 Bb7
9.Bd3 Nbd7 10.g4 b4 11.Nce2 e5 12.Nf5 d5 13.Nfg3 Bc5 14.g5 dxe4 15.Nxe4 Nxe4
16.Bxe4 Bxe4 17.Qxe4 Bxe3 18.Qxe3 O-O 19.O-O-O Qc7 20.f5 Rac8 21.Qe4 Nc5
22.Qc4 Qb6 23.Kb1 Ne6 24.Qg4 Nc5  1/2-1/2

[Event "DEN-chT8990"]
[Site "DEN"]
[Date "1989.??.??"]
[Round "5"]
[White "Poulsen, Allan"]
[Black "Hamann, Svend"]
[Result "1/2-1/2"]
[WhiteElo "2310"]
[BlackElo "2395"]

1.e4 c5 2.Nf3 d6 3.d4 cxd4 4.Nxd4 Nf6 5.Nc3 a6 6.Be3 e5 7.Nb3 Qc7 8.a4 Be7
9.a5 Be6 10.Nd5 Bxd5 11.exd5 Nbd7 12.c4 O-O 13.Be2 Ne8 14.O-O Qd8 15.Qd2 h6
16.Rac1 Bg5 17.f4 exf4 18.Bxf4 Bxf4 19.Qxf4 Ne5 20.Nd4 Qg5 21.Qxg5 hxg5 22.Nf3 Nxf3+
23.Rxf3 Nf6 24.Re3 Rfe8 25.Rcc3 Ne4  1/2-1/2

[Event "Dortmund-C"]
[Site "Dortmund"]
[Date "1989.??.??"]
[Round "?"]
[White "Szalanczy, Emil"]
[Black "Schuh, Franz"]
[Result "0-1"]
[WhiteElo "2400"]
[BlackElo "2295"]

1.e4 c5 2.Nf3 d6 3.d4 cxd4 4.Nxd4 Nf6 5.Nc3 a6 6.Be3 e6 7.g4 h6 8.Bg2 Qc7
9.Qe2 Nc6 10.O-O-O Bd7 11.Kb1 b5 12.Nxc6 Bxc6 13.Rhe1 Be7 14.f4 b4 15.e5 dxe5
16.Na4 exf4 17.Qc4 Rc8 18.Bxf4 Qb7 19.Bxc6+ Qxc6 20.Qxc6+ Rxc6 21.h3 O-O
22.b3 Rfc8 23.Re2 Kf8 24.Rd3 Rd8 25.Rxd8+ Bxd8 26.a3 a5 27.Bd2 Nd5 28.Re4 Be7
29.Rc4 Rxc4 30.bxc4 Nc7 31.Ka2 Na6 32.axb4 Bxb4 33.Be3 Ke7 34.Bb6 Kd7 35.c3 Be7
36.Bxa5 Kc6 37.Kb1 f5 38.Kc2 g6 39.Nb2 Nc5 40.Bb4 Bd6 41.Bxc5 Kxc5 42.gxf5 gxf5
43.Kb3 Bc7 44.Na4+ Kd6 45.Kc2 Bd8 46.Kd3 e5 47.c5+ Kd5 48.c4+ Kc6 49.Nc3 Kxc5
50.Na4+ Kd6 51.Nc3 Bb6 52.Ke2 e4 53.Nd5 Bd4 54.Nf4 Kc5 55.Ng2 Kxc4 56.h4 Kd5
57.Nf4+ Ke5 58.Ng6+ Kd6 59.h5 Ke6 60.Nf4+ Kf6 61.Kd2 Ba7 62.Nh3 Ke5 63.Ke2 f4
64.Kf1 f3 65.Ke1 Kf5  0-1

[Event "Eger op"]
[Site "Eger"]
[Date "1989.??.??"]
[Round "?"]
[White "Gochev, Mladen"]
[Black "Gurevich, Vladimir"]
[Result "1-0"]
[WhiteElo "2380"]
[BlackElo "2395"]

1.e4 c5 2.Nf3 d6 3.d4 cxd4 4.Nxd4 Nf6 5.Nc3 a6 6.Be3 e6 7.g4 h6 8.Qf3 Nbd7
9.Qh3 e5 10.Nf5 g6 11.g5 gxf5 12.exf5 d5 13.gxf6 d4 14.Bc4 Qxf6 15.Bxd4 exd4
16.Nd5 Qc6 17.O-O-O Qxc4 18.Rhe1+ Kd8 19.Qh4+ f6 20.Rxd4 Qxa2 21.Qe4 Bd6
22.Qe6 Qa1+ 23.Kd2 Qxe1+ 24.Qxe1 Be5 25.f4 Bd6 26.Qe6 Bc5 27.Rd3 Re8 28.Qf7 Bd6
29.Kc1 Ra7 30.Nb6 Kc7 31.Qxe8 Nxb6 32.Rc3+ Kb8  1-0